000 00287nam a22001217a 4500
003 SGT
082 _a158.3
_bC12O
100 _aOWENS, PATTI
245 _aCREATIVE ETHICAL PRACTICE IN COUNSELLING & PSYCHOTHERAPY
260 _aANGELES
_bSAGE
_c2012
300 _a126
942 _2ddc
_cRARE
999 _c15053
_d15053